000 00465nam a2200157Ia 4500
005 20260601193300.0
008 260601s9999||||xx |||||||||||||| ||und||
020 _a978-981-19-4933-3
_qebk
100 _aZhiqing Xiao
245 0 _aReinforcement Learning
250 _a2024
260 _aHeidelberg, Germany
_bSpringer Nature
_c2024
650 _aComputer Science
856 _uhttps://link.springer.com/openurl?genre=book&isbn=978-981-19-4933-3
942 _cEB
_2ddc
999 _c56989
_d56989